Tunisie 20e Anniversaire du changement 1987-2007 / (رقم التسجيلة. 150904)

تفاصيل مارك
000 -LEADER
fixed length control field 00941cam a2200265 a 4500
008 - FIXED-LENGTH DATA ELEMENTS--GENERAL INFORMATION
fixed length control field 181021s2007 ti a 000 0dfre d
040 ## - CATALOGING SOURCE
Original cataloging agency EG-GiCUC
Language of cataloging fre
-- EG-GiCUC
043 ## - GEOGRAPHIC AREA CODE
Geographic area code f-ti---
092 04 - LOCALLY ASSIGNED DEWEY CALL NUMBER (OCLC)
Classification number 961.109
Item number B6121tu
Edition number 21
099 ## - LOCAL FREE-TEXT CALL NUMBER (OCLC)
Classification number 04
-- 961.109 B6121tu
245 00 - TITLE STATEMENT
Title Tunisie 20e Anniversaire du changement 1987-2007 /
Statement of responsibility, etc. Agence Tunisienne de Communication Exterieure.
260 ## - PUBLICATION, DISTRIBUTION, ETC.
Place of publication, distribution, etc. Tunisia :
Name of publisher, distributor, etc. L'Agence Tunisienne de Communicati,
Date of publication, distribution, etc. 2007.
300 ## - PHYSICAL DESCRIPTION
Extent 194 p. :
Other physical details ill. ;
Dimensions 29 cm.
600 10 - SUBJECT ADDED ENTRY--PERSONAL NAME
Personal name Bin ʻAli, Zayn al-ʻAbidin.
650 #0 - SUBJECT ADDED ENTRY--TOPICAL TERM
Topical term or geographic name entry element Political corruption
Geographic subdivision Tunisia.
650 #0 - SUBJECT ADDED ENTRY--TOPICAL TERM
Topical term or geographic name entry element Political persecution
Geographic subdivision Tunisia.
651 #0 - SUBJECT ADDED ENTRY--GEOGRAPHIC NAME
Geographic name Tunisia
General subdivision History
Chronological subdivision 1987-
651 #0 - SUBJECT ADDED ENTRY--GEOGRAPHIC NAME
Geographic name Tunisia
General subdivision Politics and government
Chronological subdivision 1987-2011.
651 #0 - SUBJECT ADDED ENTRY--GEOGRAPHIC NAME
Geographic name Tunisia
General subdivision Politics and government
Chronological subdivision 21st century.
902 ## - LOCAL DATA ELEMENT B, LDB (RLIN)
No. of Items 1
905 ## - LOCAL DATA ELEMENT E, LDE (RLIN)
Cataloger Amro L.
Reviser Cat
905 ## - LOCAL DATA ELEMENT E, LDE (RLIN)
Cataloger Jihan
Reviser Rev.
942 ## - ADDED ENTRY ELEMENTS (KOHA)
Source of classification or shelving scheme Dewey Decimal Classification
Koha item type Books
المقتنيات
Source of classification or shelving scheme Not for loan Home library Current library Date acquired Full call number Barcode Date last seen Copy number Koha item type
Dewey Decimal Classification   المكتبة المركزبة الجديدة - جامعة القاهرة قاعة الثقاقات الاجنبية - الدور الثالث 11.02.2024 961.109 B6121tu L.C 01000110203699000 05.07.2024 C.1 Books
Cairo University Libraries Portal Implemented & Customized by: Eng. M. Mohamady Contacts: new-lib@cl.cu.edu.eg | cnul@cl.cu.edu.eg
CUCL logo CNUL logo
© All rights reserved — Cairo University Libraries
CUCL logo
Implemented & Customized by: Eng. M. Mohamady Contact: new-lib@cl.cu.edu.eg © All rights reserved — New Central Library
CNUL logo
Implemented & Customized by: Eng. M. Mohamady Contact: cnul@cl.cu.edu.eg © All rights reserved — Cairo National University Library